000
00288nam a22001217a 4500
020
_a
9788173710483
082
_a
660.2969
_b
RAO/CH
100
_a
Rao, YVC
245
_a
Chemical engineering thermodynamics
260
_a
Hyderabad,
_b
Universities Press
_c
2011
300
_a
601p
942
_c
BK
999
_c
13920
_d
13920